| 000 | 00570nam a2200217 a 4500 | ||
|---|---|---|---|
| 001 | 83899 | ||
| 003 | BD-RjUL | ||
| 005 | 20240604152502.0 | ||
| 008 | 240604s1963 ir ||||| |||| 00| 0 eng d | ||
| 035 | _a(BD-RjUL)83899 | ||
| 040 |
_aBD-RjUL _beng _cBD-RjUL |
||
| 041 | _aeng | ||
| 082 |
_223 _a955 _bHAI 1963 |
||
| 100 |
_aHatami, Aziz _913316 |
||
| 245 |
_aIran / _cAziz Hatami |
||
| 260 |
_a[Tehran] : _bGeneral Dept. of Publications and Broadcasting, _c1963 |
||
| 300 |
_a167 p.; _c16 cm. |
||
| 650 | _aIran | ||
| 650 |
_aIran Guidebooks _913317 |
||
| 942 |
_2ddc _cBK |
||
| 999 |
_c83899 _d83899 |
||